| 000 | 01468nam a2200337 i 4500 | ||
|---|---|---|---|
| 001 | 768714001 | ||
| 003 | CO-MdFUSB | ||
| 005 | 20260325103328.0 | ||
| 007 | ta | ||
| 008 | 241002t1984 sp ||||| |||| 001 0 spa d | ||
| 020 | _a84-301-0950-1 | ||
| 040 |
_bspa. _aCO-MdFUSB _cCO-MdFUSB _dCO-MdFUSBC _erda |
||
| 041 | _aspa | ||
| 082 |
_223 _a262.1 _bES82 |
||
| 100 |
_aEstrada, Juan Antonio, _eautor |
||
| 245 | 3 |
_aLa iglesia : _b¿institución o carisma? _c/ Juan Antonio Estrada |
|
| 264 | 1 |
_aSalamanca, España : _bSígueme, _c[1984] |
|
| 264 | 4 | _c©1984 | |
| 300 |
_a280 páginas _c; 21 cm |
||
| 336 |
_2rdacontent _atexto _btxt |
||
| 337 |
_2rdamedia _asin mediación _bn |
||
| 338 |
_2rdacarrier _avolumen _bnc |
||
| 490 | _aVerdad e imagen, | ||
| 500 | _aIncluye índice general | ||
| 505 |
_tFundamentos bíblicos de la institucionalidad de la iglesia: _aLa iglesia: acontecimiento del Espíritu. -- L a teología lucana. -- la escuela paulina. -- los escritos juánicos. _tLa evolución histórico-teológica: _aEl proceso de institucionalización de la iglesia. -- Institucionalidad e instituciones. _tLa insuficiencia de las instituciones: _aLa crítica de las instituciones. -- La crítica de la iglesia institucional. -- Dos tipos de eclesiología. -- La simulación de la crítica institucional. |
||
| 563 | _aRústica | ||
| 650 | 0 |
_aHistoria de la Iglesia _9153 |
|
| 650 | 7 |
_aIglesia _9655 |
|
| 942 | _cBK | ||
| 945 | _aCatherine Arias Alvarez | ||
| 999 |
_c71017 _d71017 |
||